LEADER 01329nam a2200301 i 4500 001 000000160841 003 CaOOAMICUS 005 20090210000000.0 008 090210s2000 it u000 u ita u 013 $a138204 020 $a88-384-4901-5 040 $aSeMil$bita 100 1 $aMarmion, Columba .$0(OLS)http://semarc/name/90397 240 13$aLe Christ idéal du moin.$0(OLS)http://semarc/title/143701 245 10$aCristo ideale del monaco /$cColumba Marmion ; traduzione a cura di Maria Galli ; presentazione di Serena Tajé. 260 $aCasale Monferrato :$bPiemme,$c2000. 300 $aXI, 473 p. ;$c21 cm. 490 0 $aL'anima del mondo ;$v39 650 4$aMonachesimo - Spiritualità.$0(OLS)http://semarc/subject/2566 700 1 $aTajé, Serena.$0(OLS)http://semarc/name/42416 700 1 $aGalli, Maria <1869-1941>.$0(OLS)http://semarc/name/17773 830 2$aL'anima del mondo ;$v39.$0(OLS)http://semarc/title/2164 850 $aSeMil 852 $aSeMil$W1$xVenegono$y1$m2C V 559$j112290$B112290$CSeMilBibl$Z2$F123061 $81 961 $aOmaggio: Altro 996 $6020$a88-384-4901-5$9(OLS)http://semarc/number/76789 996 $6245$aCristo ideale del monaco$9(OLS)http://semarc/title/143700 996 $6260$aCasale Monferrato :$bPiemme$9(OLS)http://semarc/publisher/29798 LEADER 01359nam a2200265 i 4500 001 000000250347 003 CaOOAMICUS 005 20160726000000.0 008 160726s2009 it u000 u ita u 013 $a229252 020 $a978-88-343-1792-1 040 $aSeMil$bita 245 13$aIl Corriere dei piccoli in un secolo di riviste per ragazzi :$batti del Convegno : Università Cattolica del Sacro Cuore di Milano, 28 marzo 2008 /$ca cura di Renata Lollo. 260 $aMilano :$bV&P Università,$c2009. 300 $aXVII, 170 p. ;$c22 cm. 490 0 $aV&P Università. Pedagogia e scienze dell'educazione. Ricerche 650 4$aCorriere dei Piccoli .$0(OLS)http://semarc/subject/42956 700 1 $aLollo, Renata.$0(OLS)http://semarc/name/22520 830 0$aUniversità. Pedagogia e scienze dell'educazione. Ricerche.$0(OLS)http://semarc/title/10443 850 $aSeMil 852 $aSeMil$W1$xVenegono$y1$m3M III 159$j200693$B200693$CSeMilBibl$Z2$F213207 $81 961 $aOmaggio: Altro 996 $6020$a978-88-343-1792-1$9(OLS)http://semarc/number/260778 996 $6245$aIl Corriere dei piccoli in un secolo di riviste per ragazzi :$batti del Convegno : Università Cattolica del Sacro Cuore di Milano, 28 marzo 2008$9(OLS)http://semarc/title/352581 996 $6260$aMilano :$bV&P Università$9(OLS)http://semarc/publisher/32087 LEADER 00998nam a2200253 i 4500 001 000000040746 003 CaOOAMICUS 005 20061120000000.0 008 061120s1974 it u000 u ita u 013 $a11916 040 $aSeMil$bita 100 1 $aDevoti, Donata.$0(OLS)http://semarc/name/19966 245 12$aL'arte del tessuto in Europa /$cDonata Devoti. 260 $aMilano :$bMamoli,$ccopyr. 1974. 300 $a240 p. :$bill. ;$c33 cm. 490 0 $aArte e tecnica : collana enciclopedia delle arti applicate 500 $aContiene : Repertorio iconografico con schede di Catalogo. 650 4$aTessuti.$0(OLS)http://semarc/subject/8574 830 0$aArte e tecnica.$0(OLS)http://semarc/title/19919 850 $aSeMil 852 $aSeMil$W1$xVenegono$y1$m5M XI 54$j6901$B6901$CSeMilBibl$Z2$F6901 $8I 961 $aOmaggio: Donazione 996 $6245$aL'arte del tessuto in Europa$9(OLS)http://semarc/title/58676 996 $6260$aMilano :$bMamoli$9(OLS)http://semarc/publisher/34064